000 00240nam a2200097Ia 4500
001 657745
005 20250826154621.0
008 250824s9999 xx 000 0 und d
245 0 _aMektup Arkadaşı Aranıyor
_cHüsnan Şeker
260 _bALTIN
999 _c657745
_d657745